000 00546nam a2200229Ia 4500
003 OSt
005 20220924152640.0
006 a|||||r|||| 00| 0
007 ta
008 220923b |||||||| |||| 00| 0 mar d
024 _a343660
037 _cTextual
040 _aARTS
_cARTS
_bmar
041 _2mar
_amar
082 _aV2:76, 155J0
100 _aJoshi P.N.
_9225400
245 0 _aDina vishes
260 _c1950
650 _aHISTORY
942 _hV2:76, 155J0
_cTEXL
_2CC
999 _c470575
_d470575